000 01011cam a2200265 a 4500
001 000001697
005 20200929145652.0
008 800213s1977 pr ab 001 0 spa
020 _a0960170022
040 _aDO-SdBNP
_bspa
_cBNPHU
082 _a398.2
_bC697l
100 1 _aColl y Toste, Cayetano,
_d1850-1930.
_95522
245 1 0 _aSelección de leyendas puertorriqueñas /
_cCayetano Coll y Toste, adaptación, versión moderna y prólogo de José Ramírez Rivera.
260 _aMayagüez, Puerto Rico :
_bLibero,
_c1977]
_fLitografía Metropolitana
300 _a120 p. ; :
_bil., mapas, ;
_c21 cm.
490 1 _aShort stories
490 1 _aHistory
504 _aEdición revisada y aumentada.
504 _aIncluye referencias y notas al pie de las páginas.
504 _aIncluye referencias bibliográficas.
650 4 _aLeyendas
_xFolclor
_zPuerto Rico
_95523
650 4 _aFolklore
_zPuerto Rico
_95524
700 1 _aRamírez Rivera, José,
_epról.
_95525
830 0 _aShort stories;
_pHistory.
_95526
999 _c1578
_d1578